MDQL
is popping MORE tags! Check the
thread
!
Quizzes
Events
Quiz Creation
Community
Videos
Private Events
Remove Ads
Sign In
Join for FREE
Feedback
Dark Mode
Quiz Categories
Sports
Geography
Music
Movies
Television
Just For Fun
Miscellaneous
History
Literature
Language
Science
Gaming
Entertainment
Religion
Holiday
For Kids
Quiz Lab
Recent
Popular Today
Quiz Kudos Today
Editor Picks
Curator Picks
Quizzes by...
Day
Popularity
Type
Ratings
Length
Year
Community
Subscriptions
Recent Discussions
Orange Saloon
Badges
Playlists
Quests
Create
Leaderboards
Showdown
Live 5
Trivia Bingo
Activity
Puzzle Library
Sporcle Events
Private Events
Virtual Trivia
Globe League
Become a Host
Pub Owners
SporcleCon
Opinionation
Our Games
Videos
Blog
Mobile Apps
Partnerships
Remove Ads and Go Orange
Feedback
Music
Pop Music
The Beatles
Song
Album
Lyrics
Bands
Singers
Artist
Clip
Rock
Rap
Classical
Billboard
Country Music
Kpop
Taylor Swift
Music
Pop Music
The Beatles
Song
Album
Lyrics
Bands
Singers
Artist
Clip
Rock
Rap
Classical
Billboard
Country Music
Kpop
Taylor Swift
Random Quiz
Search Sporcle
×
Quiz Lab
Quiz Lab
Music
Rap
Type in answers that appear in a list
Type in answers that appear in a list
Classic
Best Score? Go Orange.
Hip-Hop Grab Bag Stats
Can you name the Hip-Hop facts?
By
watson3001
10m
47 Questions
119 Plays
119 Plays
119 Plays
Comments
Comments
Give Quiz Kudos
Give Quiz Kudos
-
- Ratings
hide this ad
Replay
Link that replays current quiz
Next Quiz
Link to next quiz in quiz playlist
You Got
0%
They Got
Avg Score
42%
Avg Friend Score
Upgrade to see
Score Distribution
Jump to the score distribution portion of the page
Score
0/47
Timer
10:00
0
Plays Today
Answer
% Correct
Straight Outta Compton
80.7%
Speakerboxxx/The Love Below
79.8%
The Chronic
79%
The RZA
78.2%
Ol' Dirty Bastard
76.5%
GZA
74.8%
Method Man
74.8%
Ghostface Killah
73.9%
Word Up Magazine
73.9%
Raekwon
69.7%
Stankonia
68.9%
The Miseducation of Lauryn Hill
64.7%
Aquemini
59.7%
Inspectah Deck
59.7%
ATLiens
58%
U-God
52.9%
since Elvis Presley
52.1%
It Takes A Nation of Millions To Hold Us Back
50.4%
Masta Killa
48.7%
Fear of a Black Planet
47.1%
Paul's Boutique
46.2%
WE WANT PRENUP!
46.2%
Trapped in the Closet
40.3%
3 Feet High and Rising
39.5%
Answer
% Correct
Idlewild
38.7%
these ice creams
37.8%
Diamonds from Sierra Leone - Kanye West
37%
Southernplayalisticadillacmuzik
35.3%
U Can't Touch This - MC Hammer
31.9%
the Queen conquer
29.4%
coffee and cream
29.4%
just lost one
26.1%
to some Marvin
22.7%
kiss, like this!
21.8%
Endtroducing...
19.3%
in your pants
19.3%
Dead Prez
19.3%
Can I Kick It? - A Tribe Called Quest
17.6%
Rapper's Delight - Sugarhill Gang
16%
Izzo (H.O.V.A) - Jay Z
15.1%
Wonderwall
14.3%
Paper Planes - M.I.A.
12.6%
Blue Lines
10.1%
Maxinquaye
8.4%
Barack Obama
8.4%
tall, tall tale
5%
It's the money
5%
Quiz Playlist
Details
Report
Send in Message
Add To Playlist
Classic:
Type in answers that appear in a list
Last Updated: Feb 16, 2017
Quiz Scoreboard
CHALLENGE
Sign Up to Join the Scoreboard
Show All
Scores
Hide
Comments
May contain spoilers
Recently Published
1-10 Letter E Words III
by El_Dandy
Language
2m
Street Fighter Characters
by Artimus82
Gaming
60s
College Basketball Coaching Resumes
by pancakes188
Sports
9m
More to Explore
Quiz From the Vault
Featured Blog Post
Where Did the Easter Bunny Come From?
hide this ad
You Might Also Like...
Tags
Rap Quiz
Rap Albums
Today's Top Quizzes in Music
Browse Music
hide this ad
Today's Top Quizzes in Rap
Browse Rap
Top Contributed Quizzes in Music
1
Taylor Swift All Songs (2024)
2
Taylor Swift Logic Puzzle
3
Guess the Artist- 70s Songs
4
7-to-1: Billboard Hot 100 #1 Hits of 2010s
5
Sorting Albums and Songs
6
KPOP LOGIC QUIZ
7
Billboard Blitz: Aretha Franklin
8
Guess the Taylor Swift song (Mystery Song)
9
Guess The Taylor Swift Lyrics Song #1
10
Billboard Blitz: ABBA
Explore More
Trending Topics
Marvel
NBA
Kpop
Anime
Disney
Harry Potter
Crossword
Pokémon
NFL
Soccer
Song
Country
Puzzle
WWE
The Office
hide this ad
More By:
watson3001
Quiz
Plays
Rating
Category
Featured
Created
Guess The Lyrics: Radiohead
1,953
4.25
Music
Sep 9, 2010
Smells Like Teen Spirit Clicky-oke
1,834
4.30
Music
Oct 13, 2012
Guess The Lyrics: Beach Boys
1,365
4.08
Music
Sep 6, 2010
Guess The Lyrics: Nirvana
1,211
4.13
Music
Jan 23, 2011
Guess The Lyrics: Bowie
980
4.75
Music
Jan 23, 2011
Go to Creator's Profile
Score Distribution
Quiz Creator Spotlight
watson3001
Follow
Send a Message
Quizzes Created
-
Created Quiz Play Count
-
More By This Creator
Popular Quizzes Today
1
Find the US States - No Outlines Minefield
2
Find the Countries of Europe - No Outlines Minefield
3
The Countries of the World
4
Find the US States
5
Risky Map Clicking: Biggest States A-Z
6
US States
7
Popular People in 1961
8
Movies - When Are They Set?
More Music Quizzes
Song Titles: 1-10 Blitz
Editor's Pick
Trending Quizzes
Risky Map Clicking: Least Populous States A-Z
1-10 Letter G Words
USA Borders Longest to Shortest
1-10 Letter F Words
Countries of the World: 200 Million BC
Recently Updated
Leaping Animals
pecheneg
Reality TV Shows (A-Z)
bhenderson79
Rickey Henderson's Hall of Fame Teammates
pecheneg
Champions League XIs: Arsenal
pecheneg
Quick Pick: Celebrities in WWE's Hall of Fame
aduchscher
A-Z Keypad Blitz II
pecheneg
Multiple Oscar Actors
pecheneg
Mystery Phrase Blitz: Oscar 'Best Actors'
pecheneg
F. Scott Fitzgerald Novels
LTH
Pick 3 Villains
ddd62291
Trending Topics
Crossword
Kpop
NBA
Anime
Marvel
Harry Potter
Disney
Country
WWE
The Office
Puzzle
Soccer
Pokémon
Song
NFL
Your Account Isn't Verified!
In order to create a playlist on Sporcle, you need to verify the email address you used during registration. Go to your
Sporcle Settings
to finish the process.
Report this User
Report this user for behavior that violates our
Community Guidelines
.
Details:
Send Report
Go to the Sporcle.com Mobile Site →
Comments